Ciencia Social y Seguridad Nacional Norteamericana
में बचाया:
| मुख्य लेखक: | |
|---|---|
| स्वरूप: | मूलपाठ |
| प्रकाशित: |
México D.F.:
CONACYT. UNAM. PEMEX
|
| टैग: |
टैग जोड़ें
कोई टैग नहीं, इस रिकॉर्ड को टैग करने वाले पहले व्यक्ति बनें!
|
MARC
| LEADER | 00000 a a2200000 04500 | ||
|---|---|---|---|
| 001 | 24858 | ||
| 003 | |||
| 040 | |a CRAI/IIS |c CRAI/IIS | ||
| 090 | |a 178700 | ||
| 100 | |a Saxe Fernández, John | ||
| 245 | |a Ciencia Social y Seguridad Nacional Norteamericana | ||
| 260 | |a México D.F.: |b CONACYT. UNAM. PEMEX | ||
| 300 | |a 9 p. | ||
| 999 | |c 17517 |d 17517 | ||
